| 000 | 02008cam a2200253 4500500 | ||
|---|---|---|---|
| 005 | 20260329005957.0 | ||
| 041 | _afre | ||
| 042 | _adc | ||
| 100 | 1 | 0 |
_aMatt, Mireille _eauthor |
| 700 | 1 | 0 |
_aLoconto, Alison _eauthor |
| 700 | 1 | 0 |
_aVan Dis, Renée _eauthor |
| 700 | 1 | 0 |
_aLhoste, Évelyne _eauthor |
| 700 | 1 | 0 |
_aJimenez, Alejandra _eauthor |
| 245 | 0 | 0 | _aNavigating Co-Creation Processes to Build Sustainable Agroecological Systems |
| 260 | _c2025. | ||
| 500 | _a72 | ||
| 520 | _aTransformative Innovation Policies in the agricultural sector (Agroecology Partnership, ACROPICS (https://acp-initiative.com/fr/acropics/) increasingly support Living Labs (LL) to foster agroecological transition. LLs are place-based, real-world experimentations in which actors of the quadruple helix are involved in participatory co-creation processes, to generate innovative solutions. While the literature recognizes the transformative potential of co-creation processes in LLs, few papers explain the “transformative” pathways and the factors enabling systemic changes. We contend that to be transformative, the pathways should be anticipated by a network of actors involved in, and those beyond, the co-creation processes, aiming at developing sustainable agroecological systems (SAS). The aim of this paper is to highlight that embedding real-time monitoring and futuring exercises in LLs’ co-creation processes enables actors to uncover relevant pathways: expected transformations, aligned alternative solutions and a set of leverage points enabling to accelerate the circulation and generalization of the co-created solutions and thus agroecological transition. | ||
| 690 | _aCo-Creation Processes | ||
| 690 | _aLeverage Points | ||
| 690 | _aSocietal Transformations | ||
| 690 | _aSustainable Agroecosystems | ||
| 786 | 0 | _nInnovations | hors-série | HS1 | 2025-10-10 | p. 52-52 | 1267-4982 | |
| 856 | 4 | 1 | _uhttps://shs.cairn.info/journal-innovations-2025-HS1-page-52?lang=en&redirect-ssocas=7080 |
| 999 |
_c1848417 _d1848417 |
||